[Event "SVK-ch U10 Girls"]
[Site "Lubovna"]
[Date "2013.04.08"]
[Round "3"]
[White "Ondruskova, Nikola"]
[Black "Vozarova, Adriana"]
[Result "0-1"]
[WhiteElo "1000"]
[BlackElo "1170"]
[PlyCount "128"]
[EventDate "2013.04.06"]
[EventType "tourn"]
[EventRounds "9"]
[EventCountry "SVK"]
[SourceTitle "CBM 153 Extra"]
[Source "ChessBase"]
[SourceDate "2013.04.22"]
[SourceVersion "1"]
[SourceVersionDate "2013.04.22"]
[SourceQuality "1"]

1. e4 e5 2. Nf3 Nc6 3. Nc3 Nf6 4. Bb5 d6 5. d3 Bd7 6. Bg5 Be7 7. 0-0 a6 8. Bxc6 Bxc6 9. Re1 h6 10. Bxf6 Bxf6 11. a4 0-0 12. a5 Qd7 13. b3 b6 14. axb6 cxb6 15. Na4 b5 16. Nb6 Qe7 17. Nxa8 Rxa8 18. c4 bxc4 19. bxc4 Bd7 20. Rb1 Bg4 21. Rb2 Qa7 22. Re3 Bg5 23. Re1 Re8 24. h3 Bxf3 25. Qxf3 Qd4 26. Reb1 Qa7 27. h4 Bxh4 28. Ra1 Rd8 29. Rba2 Qb7 30. Rxa6 Qd7 31. Ra7 Qe6 32. Ra8 Rf8 33. g3 Bf6 34. Qe3 Bg5 35. Qb6 Qg4 36. Kg2 Qe2 37. R1a3 Rxa8 38. Rxa8+ Kh7 39. Qc7 Qxd3 40. Qd7 Qxe4+ 41. Kf1 Qxa8 42. Qxd6 Qe4 43. c5 Qg6 44. Qb8 Qc6 45. Qb4 Be7 46. f4 Bxc5 47. Qc4 exf4 48. gxf4 Qf3+ 49. Ke1 Qe3+ 50. Kd1 Qg1+ 51. Ke2 Qg4+ 52. Kd3 Qd1+ 53. Ke4 Qd4+ 54. Kf3 Qxc4 55. Kg2 Qxf4 56. Kh1 g5 57. Kg2 g4 58. Kh1 g3 59. Kg2 Qf3+ 60. Kh3 g2+ 61. Kh4 Qf2+ 62. Kg4 g1R+ 63. Kh3 Qg2+ 64. Kh4 Qh2# 0-1